| 000 | 00545cam a2200205 4500 | ||
|---|---|---|---|
| 001 | B782 | ||
| 008 | 090401t1978 xxu||||| |||| 00| 0 eng d | ||
| 035 | _a(Sirsi) u37857 | ||
| 041 | _aeng | ||
| 050 | _a526.9 | ||
| 110 |
_aMinistry of Defence _9577 |
||
| 245 | _aMilitary Engineering Volume XIII Part III: field survey | ||
| 260 |
_aLondon _bMinistry of Defence _c1978 |
||
| 300 | _a1v.(loose-leaf) : ill. ; 30cm. | ||
| 350 | _a26 | ||
| 650 | _aLAND SURVEYING | ||
| 650 | _aSCHOOL OF MILITARY SURVEY | ||
| 942 | _n0 | ||
| 948 | _c04/03/1997 | ||
| 999 |
_c90564 _d90564 |
||